MARC

LEADER 00000nam0a2200000 4500
001 300661
005 20231102001326.0
020 |a RU  |b 82-61798 
035 |a (RuTPU)RU\TPU\book\325814 
090 |a 300661 
100 |a 20150714d1982 km y0rusy5003 ca 
101 0 |a rus 
102 |a KZ 
105 |a a z 000zy 
200 1 |a Подземная разработка фосфоритов Каратау  |f Г. А. Крутихин 
210 |a Алма-Ата  |c Казахстан  |d 1982 
215 |a 95 с.  |c ил. 
606 1 |a Полезные ископаемые  |x Разработка подземная  |x Планирование  |x Математические методы  |2 stltpush  |3 (RuTPU)RU\TPU\subj\50115  |9 68862 
610 1 |a фосфориты 
610 1 |a добыча 
610 1 |a Каратау 
610 1 |a Каратаусский фосфоритоносный бассейн 
610 1 |a руды 
610 1 |a фосфатное сырье 
610 1 |a качество 
675 |a 622.272  |z rus 
700 1 |a Крутихин  |b Г. А.  |g Геннадий Алексеевич  |4 070 
801 0 |a RU  |b RuMRKP  |c 19950704  |g psbo 
801 1 |a RU  |b 63413507  |c 20150714 
801 2 |a RU  |b 63413507  |c 20160715  |g RCR 
942 |c BK